Apanhados da bola (Registo nº 416)
[ vista simples ]
| 000 -Etiqueta do registo | |
|---|---|
| Cabeçalho | 00758cam a2200277 4500 |
| 005 - Identificador da versão | |
| Campo de controlo | 20240813121803.0 |
| 010 ## - Número internacional normalizado dos livros (ISBN) | |
| Número (ISBN) | 9721047643 |
| 021 ## - Número do Depósito Legal | |
| Código do país | PT |
| Número | 172046/01 |
| 100 ## - Dados gerais de processamento | |
| Dados gerais de processamento | 20160714d2001 d y0pory5003 ba |
| 102 ## - Pais de publicação ou produção | |
| País de publicação | Portugal |
| 101 1# - Língua de publicação | |
| Língua do texto, banda sonora, etc. | Português |
| Língua do documento no original | Inglês |
| 215 ## - Descrição física | |
| Indicação específica da natureza do documento e extensão da espécie | 140, [3] p. |
| Outras indicações físicas | il |
| 200 1# - Titulo e menção de responsabilidade | |
| Título próprio | Apanhados da bola |
| Primeira menção de responsabilidade | Michael Coleman |
| Outras menções de responsabilidade | il. Harry Venning |
| 225 2# - Colecção | |
| Título próprio da colecção | Cultura horrível |
| 205 ## - Menção da edição | |
| Menção da edição | 2ª ed |
| 210 ## - Publicação, Distribuição, etc. | |
| Lugar da edição, distribuição, etc. | Mem Martins |
| Nome do editor, distribuidor, etc. | Europa-América |
| Data da publicação, distribuição, etc. | 2001 |
| 300 ## - Notas gerais | |
| Texto da nota | Plano Nacional de Leitura |
| 606 ## - Nome comum usado como assunto | |
| Número de registo de entrada de autoridade | 0003113 |
| Palavra de ordem | Futebol |
| Código do sistema | CA |
| 675 ## - Classificação Decimal Universal (CDU) | |
| Notação | 796.33 |
| Edição | 3ª ed. |
| Língua da edição | por |
| 702 ## - Nome de autor-pessoa física (responsabilidade secundária) | |
| Número de registo de entrada de autoridade | 0000474 |
| Palavra de ordem | Venning |
| Outra parte do nome não tomada para palavra de ordem | Harry |
| Código de função | Ilustrador / Técnico de desenho computorizado |
| 700 ## - Nome de autor-pessoa física (responsabilidade principal) | |
| Número de registo de entrada de autoridade | 0000466 |
| Palavra de ordem | Coleman |
| Outra parte do nome não tomada para palavra de ordem | Michael |
| 966 ## - Identificação da Biblioteca | |
| Sigla | EB2,3ENM |
| 942 ## - Elementos de entrada adicionados (Koha) | |
| Tipo de item no Koha | Livro |
| Situação do levantamento | Origin of item (home branch) (coded) | Biblioteca de empréstimo | Código de barras | Cota | Circulation type (not for loan) | Tipo de documento | Nota do exemplar | Damaged status |
|---|---|---|---|---|---|---|---|---|
| Biblioteca Escolar Eng. Nuno Mergulhão | Biblioteca Escolar Eng. Nuno Mergulhão | BENM522 | 79 COL PNL | Livro | Sem mensagem |
